• 首页
  • 本馆介绍
  • 公告通知
  • 最新文献
  • 馆藏检索
  • 电子资源
  • 读者导购
  • 参考咨询
  • 我的图书馆
  • 登录
  • 详细信息显示
  • 放入我的书架
  • 预约/预借图书
  • 作者相关作品
  • 分类相关作品
  • 丛书相关作品
  • 出版社相关作品

书目信息

  • 表格格式
  • 工作单格式
  • 卡片格式
题名:
无线电波传播和电离层
    
 
作者: 阿尔别尔特 著 ;袁翊 译
分册: 第一卷   电离层
出版信息: 北京   人民邮电出版社  1981
页数: 336页
开本: 25cm
丛书名:
单 册:
中图分类: TN011 , TN01
科图分类:
主题词: 电波传播 , 电离层传播 , 无线电电子学--理论 , 通信技术--理论
电子资源:
ISBN:
000 00856nam0 2200301 45
001 0181003677
005 20040520111720.9
010    @dCNY2.30
091    @a15045.总2420-无6110
100    @a19950728d1981 em y0chiy0121 ea
101 1  @achi@crus
102    @aCN@b110000
105    @ay z 000yy
106    @ar
200 10 @a无线电波传播和电离层@Awu xian dian bo chuan bo he dian li ceng@h第一卷@i电离层@f(苏)Я.Л.阿尔别尔特著@g袁翊译
210    @a北京@c人民邮电出版社@d1981
215    @a336页@d25cm
606    @a电波传播
606    @a电离层传播
606 0  @a无线电电子学@x理论
606 0  @a通信技术@x理论
690    @aTN011@v3 
690    @aTN01
701  1 @a阿尔别尔特@Aa er bie er te@bЯ.Л.@4著
702  0 @a袁翊@Ayuan yi@4译
801  0 @aCN@b上海图书馆@c20040520
801  2 @aCN@bNLC@c20040520
905    @f1@b74312@dTN01@e10:1
    
    无线电波传播和电离层.第一卷.电离层/(苏)Я.Л.阿尔别尔特著/袁翊译.-北京:人民邮电出版社,1981
    336页;25cm
    
    
    ISBN :CNY2.30
    
●
相关链接 在E读中查询图书 在五车中查询图书 在当当中查询图书 在豆瓣中查询图书


正题名:无线电波传播和电离层     索取号:TN01/10:1         预约/预借

序号 登录号 条形码 馆藏地/架位号 状态 备注
1 0074312   001347992   第三借阅区/ [索取号:TN01/10:1] 在馆    
2 0074313   001348036   第二样本阅览室/ [索取号:TN01/10:1] 在馆    
唐山师范学院图书馆 欢迎您!
大连网信软件有限公司© 版权所有